| 000 | 00883nam a2200193Ia 4500 | ||
|---|---|---|---|
| 999 |
_c44262 _d44262 |
||
| 001 | 11020 | ||
| 003 | GE_BSU | ||
| 005 | 20230523152507.0 | ||
| 008 | 181216s1975ge xx |||||||||||||| ||geo|| | ||
| 040 | _cGE_BSU | ||
| 041 | _ageo | ||
| 080 | _a031=353.1 ქ-27 | ||
| 245 |
_aქართული საბჭოთა ენციკლოპედია : _bტ. 1: ა–ატოცი / _cმთ. რედ: ირ.აბაშიძე; [და სხვ]. |
||
| 264 |
_aთბილისი : _bსპეციალური სამეცნიერო რედაქცია, _c1975. |
||
| 300 |
_a688 გვ.: _bილ; რუკა. _c27 სმ. |
||
| 653 | _aქართული საბჭოთა ენციკლოპედია | ||
| 700 |
_aაბაშიძე, ირ. _eმთავარი რედაქტორი _916454 |
||
| 942 |
_cBK _2udc |
||